Books by Chapter Titles III Quiz Stats

 Plays Quiz Updated Feb 16, 2016

Challenge
Share
Tweet
Embed
Score 0/20 Timer 06:00
0 Plays Today
Chapters Book % Correct
The Ship, Ahab, The Whiteness of the WhaleMoby-Dick by Herman Melvile
94.5%
Marley's Ghost, The First of the Three Spirits, The End of itA Christmas Carol by Charles Dickens
87.7%
The Golden Tickets, The Oompa-Loompas, Augustus Gloop Goes up the PipeCharlie and the Chocolate Factory by Roald Dahl
85%
D'Artagnan Shows Himself, The Wife of Athos, Milady's SecretThe Three Musketeers by Alexander Dumas
83%
The Shadow, The Never Bird, Wendy's StoryPeter Pan by J.M. Barrie
80.2%
Concerning what happened to our knight when he left the inn, In which the adventure of the Sierra Morena continues, Regarding what befell Sancho Panza as he patrolled his insulaDon Quixote by Miguel de Cervantes Saavedra
76.2%
Dossier for M, Number 007, The High TableCasino Royale by Ian Fleming
67.6%
Going West, Camp on the Prairie, Pa Goes to TownLittle House on the Prairie by Laura Ingalls Wilder
54.3%
We Continue our Descent, Deeper and Deeper–The Coal Mine, The Volcanic ShaftA Journey to the Center of the Earth by Jules Verne
51.7%
The Dwarf, Old Narnia in Danger, The High King in CommandPrince Caspian by C.S. Lewis
46.3%
Chapters Book % Correct
The Clock of the Time Dragon, The Birth of a Witch, GalindaWicked by Gregory Maguire
43%
My Breaking In, Ginger, A Horse FairBlack Beauty by Anna Sewell
40.9%
The Eve of the War, The Heat-Ray, The Fighting BeginsThe War of the Worlds by H.G. Wells
32.9%
Calypso, Cyclops, PenelopeUlysses by James Joyce
25.9%
Ying-Ying St. Clair: The Moon Lady, Waverly Jong: Rules of the Game, Jing Mei Woo: Best QualityThe Joy Luck Club by Amy Tan
24.6%
Aziz and his friends, The trial, Departure from IndiaA Passage to India by E.M. Forster
23.2%
Marilla Cuthbert is Surprised, A Solemn Vow and Promise, Diana is Invited to Tea with Tragic ResultsAnne of Green Gables by L.M. Montgomery
20.8%
Miss Sharp Begins to Make Friends, Miss Crawley at Home, Struggles and TrialsVanity Fair by William Makepeace Thackeray
17.8%
The Friends of English Magic, 'How is Lady Pole?', Strange decides to write a bookJonathan Strange & Mr. Norrell by Susanna Clarke
7%
The Great Panic, Home Front USA, Total WarWorld War Z by Max Brooks
5%

You're not logged in!

Compare scores with friends on all Sporcle quizzes.
Join for Free
OR
Log In

You Might Also Like...

Show Comments

Extras

Top Quizzes Today


Score Distribution

Your Account Isn't Verified!

In order to create a playlist on Sporcle, you need to verify the email address you used during registration. Go to your Sporcle Settings to finish the process.

Report this User

Report this user for behavior that violates our Community Guidelines.

Details: